[Event "IOM Open-Masters 2017"]
[Site "Douglas"]
[Date "2017.10.01"]
[Round "9"]
[White "Salomon, Johan"]
[Black "Jessel, Stephen"]
[Result "1/2-1/2"]
[WhiteElo "2476"]
[BlackElo "2334"]
[Annotator "TA"]
[PlyCount "117"]
[EventDate "2017.??.??"]
[EventType "swiss"]
[EventCountry "GBR"]
[SourceTitle "playchess.com"]
[Source "ChessBase"]
[SourceQuality "1"]

1. d4 e6 2. g3 c5 3. Nf3 cxd4 4. Nxd4 d5 5. Bg2 Nf6 6. c4 e5 7. Nf3 d4 8. O-O Nc6 9. e3 Be7 10. exd4 exd4 11. a3 a5 12. Bf4 O-O 13. Re1 h6 14. Ne5 Ra6 15. Nd2 g5 16. Nxc6 bxc6 17. Be5 c5 18. Bxf6 Bxf6 19. Bd5 Bg7 20. Qc2 Kh8 21. Qd3 Bg4 22. Be4 Qd7 23. Bd5 Bf5 24. Ne4 Qc7 25. Qf3 Bg6 26. Re2 Rb6 27. Rae1 g4 28. Qd3 Rfb8 29. Qd1 Rb3 30. Nd2 Rxb2 31. Re7 Qd6 32. Qxg4 Qf6 33. Nf3 d3 34. Re8+ Rxe8 35. Rxe8+ Kh7 36. Re1 h5 37. Qd7 d2 38. Rd1 Bh6 39. Kg2 Kg7 40. Qe8 Rb1 41. Rxb1 Bxb1 42. Qe2 Qc3 43. Ne5 Qd4 44. Qf3 f6 45. Qxh5 Be4+ 46. f3 Bxd5 47. Qg6+ Kf8 48. Qxh6+ Ke7 49. Ng6+ Kd7 50. Qg7+ Kd8 51. Qf8+ Kc7 52. Qe7+ Kb6 53. Qd8+ Ka6 54. Qd6+ Ka7 55. cxd5 d1=Q 56. Qc7+ Ka6 57. Qc6+ Ka7 58. Qc7+ Ka6 59. Qc6+ 1/2-1/2

[Event "IOM Open-Masters 2017"]
[Site "Douglas"]
[Date "2017.10.01"]
[Round "9"]
[White "Zumsande, Martin"]
[Black "Rathnakaran, K."]
[Result "1/2-1/2"]
[WhiteElo "2471"]
[BlackElo "2326"]
[Annotator "TA"]
[PlyCount "64"]
[EventDate "2017.??.??"]
[EventType "swiss"]
[EventCountry "GBR"]
[SourceTitle "playchess.com"]
[Source "ChessBase"]
[SourceQuality "1"]

1. e4 e6 2. d4 d5 3. Nc3 Nf6 4. Bg5 Be7 5. e5 Nfd7 6. h4 h6 7. Bxe7 Qxe7 8. f4 a6 9. Qg4 O-O 10. Nf3 c5 11. O-O-O cxd4 12. Nxd4 Nc6 13. Nxd5 Qd8 14. Nxc6 bxc6 15. Nc3 Rb8 16. Rh3 f5 17. Qg6 Qe7 18. Rd6 Nc5 19. Bc4 Rb4 20. b3 Bd7 21. a3 Rxc4 22. bxc4 Rb8 23. Rh1 Be8 24. Qg3 Qb7 25. Kd2 Qb2 26. Qe1 Rb3 27. Rh3 Rxa3 28. Rd8 Nb3+ 29. Kd3 Nc1+ 30. Kd2 Nb3+ 31. Kd3 Nc1+ 32. Kd2 Nb3+ 1/2-1/2

[Event "IOM Open-Masters 2017"]
[Site "Douglas"]
[Date "2017.10.01"]
[Round "9"]
[White "Basso, Pier Luigi"]
[Black "Ledger, Andrew J"]
[Result "1-0"]
[WhiteElo "2460"]
[BlackElo "2361"]
[Annotator "TA"]
[PlyCount "71"]
[EventDate "2017.??.??"]
[EventType "swiss"]
[EventCountry "GBR"]
[SourceTitle "playchess.com"]
[Source "ChessBase"]
[SourceQuality "1"]

1. d4 Nf6 2. c4 g6 3. Nc3 d5 4. Bf4 Bg7 5. e3 c5 6. dxc5 Qa5 7. Rc1 dxc4 8. Bxc4 O-O 9. Nge2 Qxc5 10. Qb3 Nc6 11. Nb5 Qh5 12. Ng3 Qh4 13. Nc7 e5 14. Bxe5 Nxe5 15. Nxa8 b6 16. Nc7 Bb7 17. Bd5 Nxd5 18. Nxd5 Bxd5 19. Qxd5 Rd8 20. Qb5 Nd3+ 21. Ke2 Qf6 22. f4 Qe6 23. Rcf1 Nxb2 24. f5 Qe7 25. Rf4 Qa3 26. Re4 Qxa2 27. Re8+ Rxe8 28. Qxe8+ Bf8 29. Rc1 Nc4+ 30. Kf3 Nd2+ 31. Kg4 Nc4 32. Kh3 b5 33. Rd1 Qb2 34. Rd4 a5 35. f6 Nxe3 36. Qxf8+ 1-0

[Event "IOM Open-Masters 2017"]
[Site "Douglas"]
[Date "2017.10.01"]
[Round "9"]
[White "Christiansen, Johan-Sebastian"]
[Black "L'Ami, Alina"]
[Result "1-0"]
[WhiteElo "2457"]
[BlackElo "2286"]
[Annotator "TA"]
[PlyCount "63"]
[EventDate "2017.??.??"]
[EventType "swiss"]
[EventCountry "GBR"]
[SourceTitle "playchess.com"]
[Source "ChessBase"]
[SourceQuality "1"]

1. Nf3 Nf6 2. c4 g6 3. g3 Bg7 4. Bg2 O-O 5. O-O d6 6. d4 c6 7. Nc3 Bf5 8. b3 Ne4 9. Bb2 Nxc3 10. Bxc3 Be4 11. Qd2 d5 12. Rac1 e6 13. Rfe1 Nd7 14. Bf1 f5 15. Ng5 Bh6 16. h4 f4 17. gxf4 Bxg5 18. hxg5 Qc7 19. e3 h6 20. Qe2 hxg5 21. f3 gxf4 22. fxe4 f3 23. Qf2 dxe4 24. Bh3 Qd6 25. Rc2 Rf7 26. Qh2 Qe7 27. d5 Qg5+ 28. Kh1 e5 29. Rf1 Qxe3 30. Be6 Nf6 31. Bxe5 Kg7 32. Bxf7 1-0

[Event "IOM Open-Masters 2017"]
[Site "Douglas"]
[Date "2017.10.01"]
[Round "9"]
[White "Paehtz, Elisabeth"]
[Black "Bok, Benjamin"]
[Result "0-1"]
[WhiteElo "2453"]
[BlackElo "2620"]
[Annotator "TA"]
[PlyCount "66"]
[EventDate "2017.??.??"]
[EventType "swiss"]
[EventCountry "GBR"]
[SourceTitle "playchess.com"]
[Source "ChessBase"]
[SourceQuality "1"]

1. e4 e5 2. Nf3 Nc6 3. Nc3 Nf6 4. d4 exd4 5. Nxd4 Bb4 6. Nxc6 bxc6 7. Bd3 O-O 8. O-O Re8 9. Qf3 Rb8 10. Bg5 Bd6 11. Bxf6 Qxf6 12. Qxf6 gxf6 13. Na4 Be5 14. Rae1 d6 15. c3 f5 16. exf5 Bd7 17. f4 Bf6 18. Rxe8+ Rxe8 19. Kf2 c5 20. Bc2 Rb8 21. Rb1 Bxa4 22. Bxa4 Bxc3 23. b3 Bd2 24. g3 c4 25. Ke2 c3 26. Kd3 d5 27. Rf1 c5 28. a3 Rb6 29. Rf2 Ra6 30. Bb5 Rxa3 31. f6 h5 32. Kc2 Ra2+ 33. Kd3 c2 0-1

[Event "IOM Open-Masters 2017"]
[Site "Douglas"]
[Date "2017.10.01"]
[Round "9"]
[White "Neelotpal, Das"]
[Black "Krishna C R G"]
[Result "1/2-1/2"]
[WhiteElo "2448"]
[BlackElo "2367"]
[Annotator "TA"]
[PlyCount "83"]
[EventDate "2017.??.??"]
[EventType "swiss"]
[EventCountry "GBR"]
[SourceTitle "playchess.com"]
[Source "ChessBase"]
[SourceQuality "1"]

1. Nf3 d5 2. d4 c5 3. c4 e6 4. cxd5 exd5 5. Nc3 Nf6 6. g3 Nc6 7. Bg2 Be7 8. O-O O-O 9. dxc5 Bxc5 10. Na4 Be7 11. Be3 Bg4 12. h3 Bf5 13. Rc1 Qd7 14. Kh2 Rfe8 15. Bc5 Rac8 16. a3 h6 17. Bxe7 Qxe7 18. e3 Be4 19. Nc3 Ne5 20. Nxe5 Qxe5 21. Qb3 Rc7 22. Rfd1 h5 23. Kg1 Rec8 24. Rd4 Qf5 25. f3 Qg5 26. Kf2 Bf5 27. Qd1 Be6 28. Rc2 Ne8 29. Rcd2 Nd6 30. f4 Qg6 31. Nxd5 Nf5 32. g4 Nxd4 33. Nxc7 hxg4 34. hxg4 Bxg4 35. Nd5 Re8 36. Qa4 Nc6 37. Qb5 Qb1 38. Qf1 Qh7 39. Qh1 Qxh1 40. Bxh1 Rd8 41. Kg3 Be6 42. Rd1 1/2-1/2

[Event "IOM Open-Masters 2017"]
[Site "Douglas"]
[Date "2017.10.01"]
[Round "9"]
[White "Trent, Lawrence"]
[Black "Piasetski, Leon"]
[Result "1-0"]
[WhiteElo "2427"]
[BlackElo "2286"]
[Annotator "TA"]
[PlyCount "73"]
[EventDate "2017.??.??"]
[EventType "swiss"]
[EventCountry "GBR"]
[SourceTitle "playchess.com"]
[Source "ChessBase"]
[SourceQuality "1"]

1. e4 g6 2. d4 Bg7 3. Nc3 d6 4. Be3 a6 5. Qd2 b5 6. f3 Bb7 7. h4 h5 8. Nh3 Nf6 9. Ng5 Nbd7 10. a4 c6 11. Be2 b4 12. Nd1 a5 13. Nf2 Qc7 14. O-O O-O 15. c3 bxc3 16. bxc3 e5 17. Rab1 Ba6 18. Bxa6 Rxa6 19. Nd3 Raa8 20. dxe5 dxe5 21. Qa2 Nh7 22. Nxh7 Kxh7 23. Rfd1 Bf6 24. g3 Be7 25. Rd2 Kg7 26. Kg2 Rab8 27. Rbd1 Rfd8 28. f4 Bd6 29. Qc4 exf4 30. gxf4 Be7 31. Bd4+ Kg8 32. Ne5 Nxe5 33. Bxe5 Qc8 34. f5 Rb7 35. Rxd8+ Bxd8 36. Qxc6 Rb2+ 37. Kf3 1-0

[Event "IOM Open-Masters 2017"]
[Site "Douglas"]
[Date "2017.10.01"]
[Round "9"]
[White "Zatonskih, Anna"]
[Black "Vishnu Prasanna. V"]
[Result "1/2-1/2"]
[WhiteElo "2424"]
[BlackElo "2543"]
[Annotator "TA"]
[PlyCount "93"]
[EventDate "2017.??.??"]
[EventType "swiss"]
[EventCountry "GBR"]
[SourceTitle "playchess.com"]
[Source "ChessBase"]
[SourceQuality "1"]

1. e4 c5 2. c3 d6 3. d4 Nf6 4. dxc5 Nc6 5. Bc4 e6 6. Bg5 dxc5 7. Qxd8+ Kxd8 8. Nd2 h6 9. Be3 Ng4 10. Bf4 Nce5 11. O-O-O Bd6 12. Bg3 g5 13. Bb5 Ke7 14. Ndf3 Bb8 15. Nxe5 Nxe5 16. Nf3 Ng6 17. Bxb8 Rxb8 18. h4 g4 19. Nd2 h5 20. g3 a6 21. Be2 Bd7 22. Rhe1 Ba4 23. b3 Bc6 24. Bf1 Ne5 25. Nc4 Nf3 26. Re3 b5 27. Na5 Ba8 28. e5 Rhd8 29. Be2 Rxd1+ 30. Bxd1 Rd8 31. a4 f6 32. exf6+ Kxf6 33. Be2 Rb8 34. Bd3 e5 35. Be4 Bxe4 36. Rxe4 Kg6 37. Re3 Rb6 38. Rd3 c4 39. bxc4 bxa4 40. c5 Rb5 41. Rd6+ Kf5 42. Rxa6 Rxc5 43. Kc2 Ke4 44. Nb7 Nd4+ 45. Kd2 Nf3+ 46. Kc2 Nd4+ 47. Kd2 1/2-1/2

[Event "IOM Open-Masters 2017"]
[Site "Douglas"]
[Date "2017.10.01"]
[Round "9"]
[White "Raja Harshit"]
[Black "Allen, Keith"]
[Result "1-0"]
[WhiteElo "2423"]
[BlackElo "2231"]
[Annotator "TA"]
[PlyCount "75"]
[EventDate "2017.??.??"]
[EventType "swiss"]
[EventCountry "GBR"]
[SourceTitle "playchess.com"]
[Source "ChessBase"]
[SourceQuality "1"]

1. e4 e5 2. Nf3 Nc6 3. Bb5 a6 4. Ba4 Nf6 5. O-O Be7 6. d3 d6 7. c3 O-O 8. Re1 b5 9. Bc2 Re8 10. Nbd2 Nb8 11. Nf1 Nbd7 12. Ng3 Bf8 13. Nf5 c5 14. h3 Qc7 15. N3h4 Bb7 16. Qf3 c4 17. Bg5 Re6 18. dxc4 bxc4 19. Rad1 Qa5 20. b4 cxb3 21. Bxb3 d5 22. exd5 e4 23. Qg3 Bxd5 24. c4 Bc6 25. Nh6+ Kh8 26. Nxf7+ Kg8 27. c5 Bd5 28. Bxd5 Nxd5 29. Nh6+ Kh8 30. Nf7+ Kg8 31. Nd8 Nxc5 32. Nxe6 Nxe6 33. Qb3 Nxg5 34. Qxd5+ Qxd5 35. Rxd5 h6 36. Nf5 Rc8 37. Ng3 Bb4 38. Re2 1-0

[Event "IOM Open-Masters 2017"]
[Site "Douglas"]
[Date "2017.10.01"]
[Round "9"]
[White "Hemant, Sharma"]
[Black "Roberson, Peter T"]
[Result "1/2-1/2"]
[WhiteElo "2342"]
[BlackElo "2403"]
[Annotator "NA"]
[PlyCount "60"]
[EventDate "2017.??.??"]
[EventType "swiss"]
[EventCountry "GBR"]
[SourceTitle "playchess.com"]
[Source "ChessBase"]
[SourceQuality "1"]

1. e4 e6 2. d4 d5 3. exd5 exd5 4. Bd3 c5 5. dxc5 Bxc5 6. Nf3 Nf6 7. O-O O-O 8. Nbd2 Nc6 9. Nb3 Bb6 10. c3 Bg4 11. Be2 Re8 12. Nbd4 Ne4 13. Be3 Qf6 14. Nxc6 bxc6 15. Bxb6 axb6 16. Nd4 Bxe2 17. Nxe2 g6 18. Qd4 c5 19. Qxf6 Nxf6 20. Rfe1 Re7 21. f3 Kf8 22. Kf2 Ra4 23. a3 Ke8 24. g3 Kd7 25. Nf4 Rxe1 26. Rxe1 Kd6 27. Nd3 Ra7 28. g4 h6 29. h4 Re7 30. Rxe7 Kxe7 1/2-1/2

[Event "IOM Open-Masters 2017"]
[Site "Douglas"]
[Date "2017.10.01"]
[Round "9"]
[White "Paul, Johannes"]
[Black "Heimisson, Hilmir Freyr"]
[Result "1-0"]
[WhiteElo "2335"]
[BlackElo "2185"]
[Annotator "NA"]
[PlyCount "105"]
[EventDate "2017.??.??"]
[EventType "swiss"]
[EventCountry "GBR"]
[SourceTitle "playchess.com"]
[Source "ChessBase"]
[SourceQuality "1"]

1. d4 Nf6 2. c4 e6 3. Nc3 Bb4 4. e3 O-O 5. Bd3 b6 6. Nge2 c5 7. a3 Bxc3+ 8. Nxc3 cxd4 9. exd4 d5 10. cxd5 exd5 11. O-O Bg4 12. f3 Bh5 13. Bg5 Bg6 14. Bb5 a6 15. Ba4 b5 16. Bb3 Qd6 17. Bxf6 Qxf6 18. Nxd5 Qd6 19. Rc1 Ra7 20. Qd2 Rd7 21. Rfd1 Rfd8 22. Qc3 Kf8 23. Nb4 Kg8 24. Qc5 Qf4 25. Qe5 Qxe5 26. dxe5 Rxd1+ 27. Rxd1 Rxd1+ 28. Bxd1 Kf8 29. Kf2 Nd7 30. f4 Nc5 31. Ke3 a5 32. Nc6 Nd3 33. Nxa5 Nxb2 34. Be2 Na4 35. Bxb5 Nb6 36. Kd4 Bc2 37. Kc5 Nc8 38. Nc6 f6 39. exf6 gxf6 40. a4 Be4 41. g3 h5 42. h4 Kg7 43. Ba6 Bf5 44. a5 Bd7 45. Bb7 Kf7 46. a6 Ke8 47. Bxc8 Bxc8 48. a7 Bb7 49. Kb6 Ba8 50. Kc7 Kf7 51. Na5 Kg6 52. Kb8 Bd5 53. Nb7 1-0

[Event "IOM Open-Masters 2017"]
[Site "Douglas"]
[Date "2017.10.01"]
[Round "9"]
[White "Vaishali R"]
[Black "Kavinda, Akila"]
[Result "1-0"]
[WhiteElo "2329"]
[BlackElo "2099"]
[Annotator "NA"]
[PlyCount "129"]
[EventDate "2017.??.??"]
[EventType "swiss"]
[EventCountry "GBR"]
[SourceTitle "playchess.com"]
[Source "ChessBase"]
[SourceQuality "1"]

1. e4 e5 2. Nf3 Nc6 3. Bc4 Bc5 4. c3 Nf6 5. d3 d6 6. O-O a6 7. a4 h6 8. Nbd2 O-O 9. h3 Ba7 10. Re1 Ne7 11. d4 Ng6 12. Bf1 exd4 13. cxd4 c5 14. d5 b6 15. b3 Re8 16. Bb2 Bb8 17. Qc2 Ra7 18. Re3 Bd7 19. Nc4 Rb7 20. Rd1 b5 21. axb5 axb5 22. Nxd6 Bxd6 23. e5 Nxe5 24. Nxe5 Qc7 25. Nxd7 Qxd7 26. Rxe8+ Qxe8 27. Qf5 Rc7 28. Bxf6 gxf6 29. Qxf6 Qe5 30. Qxe5 Bxe5 31. Bxb5 Bd6 32. Ra1 Kf8 33. Ra8+ Ke7 34. Rh8 Rb7 35. Bc4 Rb6 36. g3 Be5 37. Rc8 Bd6 38. Ra8 Kf6 39. f4 Bb8 40. Kg2 Ke7 41. Kf3 f5 42. Ra5 Bd6 43. Ra7+ Kf6 44. Rh7 Kg6 45. Rd7 h5 46. Ke3 Kf6 47. Rd8 Be7 48. Rh8 Kg6 49. Rg8+ Kh7 50. Rc8 Kg7 51. h4 Rg6 52. Kf3 Bd6 53. Bd3 Rf6 54. Rd8 Bf8 55. Rd7+ Kg6 56. Ke3 Rd6 57. Rxd6+ Bxd6 58. Bb5 Bc7 59. Be8+ Kh6 60. Kd3 Ba5 61. d6 Kg7 62. Kc4 Kf8 63. Bxh5 Be1 64. Kxc5 Bxg3 65. b4 1-0

[Event "IOM Open-Masters 2017"]
[Site "Douglas"]
[Date "2017.10.01"]
[Round "9"]
[White "Enkhtuul, Altan-Ulzii"]
[Black "Kjartansson, Gudmundur"]
[Result "1-0"]
[WhiteElo "2327"]
[BlackElo "2456"]
[Annotator "TA"]
[PlyCount "93"]
[EventDate "2017.??.??"]
[EventType "swiss"]
[EventCountry "GBR"]
[SourceTitle "playchess.com"]
[Source "ChessBase"]
[SourceQuality "1"]

1. d4 Nf6 2. c4 e6 3. g3 c5 4. d5 exd5 5. cxd5 d6 6. Bg2 g6 7. Nf3 Bg7 8. O-O O-O 9. Nc3 Nbd7 10. Bf4 Qe7 11. Re1 Nh5 12. Bg5 f6 13. Bc1 f5 14. Bg5 Bf6 15. Bxf6 Ndxf6 16. Nd2 f4 17. Nc4 Bd7 18. e4 fxg3 19. fxg3 Ng4 20. e5 dxe5 21. d6 Qg7 22. Qd5+ Kh8 23. Nxe5 Rad8 24. Nxg4 Bxg4 25. Qxc5 Qf6 26. Ne4 Qxb2 27. Rab1 Qg7 28. Nf2 b6 29. Qb4 Bf3 30. Re7 Qf6 31. Bxf3 Qxf3 32. Ng4 Nf6 33. Nh6 Qd5 34. Rf1 a5 35. Qc3 Rxd6 36. Rc7 Qd4+ 37. Qxd4 Rxd4 38. Nf7+ Kg7 39. Ng5+ Rd7 40. Rxd7+ Nxd7 41. Ne6+ Kg8 42. Nxf8 Nxf8 43. Rf6 Nd7 44. Rd6 Nc5 45. Rxb6 a4 46. Rb4 Kf7 47. Rc4 1-0

[Event "IOM Open-Masters 2017"]
[Site "Douglas"]
[Date "2017.10.01"]
[Round "9"]
[White "Rapport, Jovana"]
[Black "Karavade, Eesha"]
[Result "1/2-1/2"]
[WhiteElo "2327"]
[BlackElo "2384"]
[Annotator "NA"]
[PlyCount "49"]
[EventDate "2017.??.??"]
[EventType "swiss"]
[EventCountry "GBR"]
[SourceTitle "playchess.com"]
[Source "ChessBase"]
[SourceQuality "1"]

1. d4 d5 2. c4 e6 3. Nf3 Nf6 4. cxd5 exd5 5. Bg5 h6 6. Bh4 Bb4+ 7. Nbd2 Bf5 8. e3 g5 9. Bg3 Ne4 10. a3 Bxd2+ 11. Nxd2 Nxg3 12. hxg3 c6 13. g4 Bg6 14. Qb3 Qb6 15. Be2 Nd7 16. Qxb6 axb6 17. f4 f6 18. f5 Bf7 19. Kf2 Kf8 20. Rac1 Kg7 21. Rh3 Rhe8 22. Rch1 Rh8 23. Rc1 Rhe8 24. Rch1 Rh8 25. Rc1 1/2-1/2

[Event "IOM Open-Masters 2017"]
[Site "Douglas"]
[Date "2017.10.01"]
[Round "9"]
[White "Mannion, Stephen R"]
[Black "Frank, Tena"]
[Result "1-0"]
[WhiteElo "2320"]
[BlackElo "2002"]
[Annotator "NA"]
[PlyCount "191"]
[EventDate "2017.??.??"]
[EventType "swiss"]
[EventCountry "GBR"]
[SourceTitle "playchess.com"]
[Source "ChessBase"]
[SourceQuality "1"]

1. e4 c5 2. Nf3 e6 3. d4 cxd4 4. Nxd4 Nc6 5. Nb5 d6 6. c4 Nf6 7. N1c3 a6 8. Na3 Be7 9. Be2 O-O 10. O-O b6 11. Be3 Bb7 12. Qb3 Ne5 13. Bxb6 Qd7 14. f3 Rfb8 15. Rfd1 Qc8 16. Bd4 Bxe4 17. Qa4 Bg6 18. Rd2 Qc7 19. Re1 Nc6 20. Bf2 h6 21. Qd1 d5 22. cxd5 Nxd5 23. Nxd5 exd5 24. Rxd5 Rxb2 25. Nc4 Rb1 26. Rd7 Qc8 27. Qd5 Rb5 28. Qd1 Rb1 29. Nb6 Rxd1 30. Bxd1 Qxd7 31. Nxd7 Bb4 32. Re2 Rd8 33. Ba4 Rxd7 34. g4 Rd6 35. Bg3 Rf6 36. Bh4 Rd6 37. Bg3 Rf6 38. Bh4 Nd4 39. Re8+ Kh7 40. Bxf6 gxf6 41. Kg2 f5 42. gxf5 Bxf5 43. Ra8 a5 44. a3 Be1 45. Rd8 Ne6 46. Rd1 Bh4 47. Bb5 Nf4+ 48. Kg1 Be7 49. a4 Bc5+ 50. Kf1 Bh3+ 51. Ke1 Bg1 52. Rd2 Bc5 53. Rd1 Kg6 54. Rc1 Bb4+ 55. Kf2 Be6 56. Ke3 Kf5 57. Rc2 Bb3 58. Rc6 f6 59. Rc8 Nd5+ 60. Kd4 Kf4 61. Rh8 Kg5 62. Rg8+ Kf4 63. Rh8 Kg5 64. Rg8+ Kf4 65. Rg4+ Kxf3 66. Rg3+ Kf2 67. Rxb3 Nf4 68. Ke4 Ne6 69. Rb2+ Kg1 70. h4 Be1 71. Rb1 Kf2 72. Kf5 Nd4+ 73. Kxf6 Bc3 74. Kg6 Kg3 75. h5 Bd2 76. Rd1 Be3 77. Kf6 Kg4 78. Bd7+ Kf4 79. Bf5 Nb3 80. Rf1+ Kg3 81. Bc2 Nd4 82. Bd3 Nf3 83. Rb1 Kh4 84. Kf5 Kg3 85. Be4 Nd4+ 86. Ke5 Ne2 87. Rb3 Kf2 88. Bg6 Bd2 89. Rd3 Bf4+ 90. Ke4 Bg5 91. Rf3+ Ke1 92. Kd3 Nf4+ 93. Kc4 Ke2 94. Rb3 Ne6 95. Rb5 Bf4 96. Rxa5 1-0

[Event "IOM Open-Masters 2017"]
[Site "Douglas"]
[Date "2017.10.01"]
[Round "9"]
[White "Kulkarni Ojas"]
[Black "Burrows, Martin P"]
[Result "1/2-1/2"]
[WhiteElo "2289"]
[BlackElo "2085"]
[Annotator "NA"]
[PlyCount "83"]
[EventDate "2017.??.??"]
[EventType "swiss"]
[EventCountry "GBR"]
[SourceTitle "playchess.com"]
[Source "ChessBase"]
[SourceQuality "1"]

1. c4 Nf6 2. g3 e6 3. Nf3 d5 4. b3 b6 5. Bg2 Bb7 6. O-O Be7 7. Bb2 O-O 8. d3 c5 9. Nbd2 Nc6 10. Re1 Qc7 11. a3 Rad8 12. Qc2 d4 13. e4 e5 14. Rf1 Nh5 15. Qd1 g6 16. Ne1 Bg5 17. Nc2 a5 18. Bc1 Bc8 19. Rb1 Qd6 20. b4 Bd7 21. Nb3 Bxc1 22. Nxc1 axb4 23. axb4 Ra8 24. Ne2 Ra2 25. Ra1 Rfa8 26. Rxa2 Rxa2 27. Qb1 Ra4 28. b5 Ne7 29. f4 Qb8 30. fxe5 Qxe5 31. Nf4 Nxf4 32. gxf4 Qh5 33. f5 gxf5 34. Qe1 f4 35. Rxf4 Qg5 36. Rf3 Ng6 37. Rg3 Qf4 38. Qd1 Ra2 39. Qb1 Ra7 40. Ne1 Bg4 41. Bf3 Qe3+ 42. Kf1 1/2-1/2

[Event "IOM Open-Masters 2017"]
[Site "Douglas"]
[Date "2017.10.01"]
[Round "9"]
[White "Rudolf, Anna"]
[Black "Gaponenko, Inna"]
[Result "1/2-1/2"]
[WhiteElo "2286"]
[BlackElo "2437"]
[Annotator "TA"]
[PlyCount "145"]
[EventDate "2017.??.??"]
[EventType "swiss"]
[EventCountry "GBR"]
[SourceTitle "playchess.com"]
[Source "ChessBase"]
[SourceQuality "1"]

1. e4 c5 2. Nf3 Nc6 3. d4 cxd4 4. Nxd4 Nf6 5. Nc3 d6 6. Bg5 e6 7. Qd2 a6 8. O-O-O Bd7 9. f4 h6 10. Bh4 Nxe4 11. Qe1 Nf6 12. Nf5 Qa5 13. Nxd6+ Bxd6 14. Rxd6 O-O-O 15. Bxf6 gxf6 16. Rd1 Kb8 17. Kb1 Qb4 18. Qe4 f5 19. Qxb4 Nxb4 20. a3 Nc6 21. Be2 Be8 22. Rxd8+ Nxd8 23. Rd1 Kc7 24. Rd3 Rg8 25. g3 Nc6 26. Na4 Ne7 27. Rc3+ Bc6 28. Nc5 Nd5 29. Rb3 Nf6 30. Kc1 Bd5 31. c4 Bc6 32. Nd3 Ne4 33. Ne5 Be8 34. Re3 f6 35. Nd3 b5 36. Nb4 Kb6 37. Nc2 e5 38. fxe5 fxe5 39. Bf3 Bc6 40. Nb4 bxc4 41. Nxc6 Kxc6 42. g4 Kd6 43. gxf5 Nc5 44. Be2 Kd5 45. f6 Rf8 46. Rc3 Rxf6 47. Rxc4 Nb3+ 48. Kd1 Nd4 49. Ra4 Nxe2 50. Kxe2 e4 51. Ke3 Rf3+ 52. Ke2 Rb3 53. Rxa6 Rxb2+ 54. Ke3 Rb3+ 55. Kf2 h5 56. a4 Rf3+ 57. Kg2 Ra3 58. Kf2 Kd4 59. Rd6+ Ke5 60. Rh6 Rxa4 61. Rxh5+ Kd4 62. Rh3 Ra2+ 63. Ke1 Rb2 64. Kd1 Ke5 65. Ke1 Kf4 66. Kd1 Rg2 67. Ke1 Kg4 68. Rg3+ Rxg3 69. hxg3 Kxg3 70. Ke2 Kf4 71. Kf2 e3+ 72. Ke2 Ke4 73. Ke1 1/2-1/2

[Event "IOM Open-Masters 2017"]
[Site "Douglas"]
[Date "2017.10.01"]
[Round "9"]
[White "Pranav Vijay"]
[Black "Pranav Anand"]
[Result "1-0"]
[WhiteElo "2265"]
[BlackElo "2105"]
[Annotator "NA"]
[PlyCount "75"]
[EventDate "2017.??.??"]
[EventType "swiss"]
[EventCountry "GBR"]
[SourceTitle "playchess.com"]
[Source "ChessBase"]
[SourceQuality "1"]

1. Nf3 Nf6 2. g3 b5 3. Bg2 Bb7 4. d3 e6 5. O-O Be7 6. e4 d5 7. e5 Nfd7 8. d4 Nb6 9. h4 Nc6 10. Re1 Qd7 11. Nbd2 a6 12. h5 h6 13. c3 O-O-O 14. b3 Na5 15. Bf1 Qc6 16. Bb2 Kb8 17. Bd3 Ka7 18. Qe2 Ba8 19. a4 b4 20. Rec1 Qb7 21. cxb4 Bxb4 22. Bc3 Bxc3 23. Rxc3 Rd7 24. Rac1 Nc8 25. b4 Nc4 26. Nxc4 dxc4 27. Bxc4 Nb6 28. Bb3 Rc8 29. b5 axb5 30. axb5 Rxd4 31. Rc6 Rd7 32. Nd2 Kb8 33. Ra1 Rd4 34. Ne4 Nd7 35. f3 Rb4 36. Rca6 Nb6 37. Nc5 Qxf3 38. Rxa8+ 1-0

[Event "IOM Open-Masters 2017"]
[Site "Douglas"]
[Date "2017.10.01"]
[Round "9"]
[White "Mueller, Philipp"]
[Black "Fenil, Shah"]
[Result "0-1"]
[WhiteElo "2220"]
[BlackElo "2362"]
[Annotator "NA"]
[PlyCount "140"]
[EventDate "2017.??.??"]
[EventType "swiss"]
[EventCountry "GBR"]
[SourceTitle "playchess.com"]
[Source "ChessBase"]
[SourceQuality "1"]

1. e4 c5 2. Nf3 e6 3. d4 cxd4 4. Nxd4 Nc6 5. Nc3 Qc7 6. Be3 a6 7. Qf3 Bd6 8. O-O-O Ne5 9. Qh3 Bb4 10. Qg3 Ne7 11. Ndb5 axb5 12. Nxb5 Qb8 13. Bb6 N5c6 14. Qxg7 Rg8 15. Qh6 Ba5 16. Nc7+ Qxc7 17. Bxc7 Bxc7 18. a3 Ng6 19. g3 Ra4 20. Qe3 Nge5 21. Bb5 Ng4 22. Qe1 Ra5 23. a4 Bb6 24. b4 Ra8 25. Rf1 Nd4 26. h3 Ne5 27. Qc3 Nef3 28. a5 Ba7 29. Kb2 Nxb5 30. Qxf3 Bd4+ 31. Kb3 e5 32. c3 Nxc3 33. Rxd4 exd4 34. Qf6 d6 35. Qxd4 Nb5 36. Qb6 Na7 37. Rc1 Nc6 38. Rxc6 bxc6 39. Qxc6+ Ke7 40. Qc7+ Bd7 41. e5 dxe5 42. Qxe5+ Be6+ 43. Ka4 Rac8 44. a6 Rc2 45. Ka5 Rd8 46. Qg5+ f6 47. Qg7+ Bf7 48. Qxh7 Ra2+ 49. Kb6 Rd6+ 50. Kc5 Raxa6 51. Qe4+ Kf8 52. b5 Rab6 53. Qa8+ Be8 54. f4 Re6 55. Kd5 Ke7 56. Qa3+ Red6+ 57. Ke4 Rxb5 58. f5 Bc6+ 59. Kf4 Rbd5 60. Qa7+ Bd7 61. Kg4 Rxf5 62. Kh4 Rfd5 63. g4 Kf7 64. Qb8 Rd4 65. Qh8 Bf5 66. Kh5 Rd8 67. Qh6 Rg8 68. Kh4 Rdxg4+ 69. hxg4 Rxg4+ 70. Kh5 Rg3 0-1

[Event "IOM Open-Masters 2017"]
[Site "Douglas"]
[Date "2017.10.01"]
[Round "9"]
[White "Oyama, Akito"]
[Black "Birkisson, Bjorn Holm"]
[Result "1/2-1/2"]
[WhiteElo "2198"]
[BlackElo "2023"]
[Annotator "NA"]
[PlyCount "112"]
[EventDate "2017.??.??"]
[EventType "swiss"]
[EventCountry "GBR"]
[SourceTitle "playchess.com"]
[Source "ChessBase"]
[SourceQuality "1"]

1. e4 Nc6 2. Nf3 d6 3. d4 Nf6 4. Nc3 e5 5. Bb5 Bd7 6. O-O Be7 7. Re1 Nxd4 8. Nxd4 exd4 9. Qxd4 Bxb5 10. Nxb5 c6 11. Nc3 O-O 12. Bg5 Qa5 13. Bh4 Rfd8 14. Rad1 Qb6 15. a4 Qxd4 16. Rxd4 Kf8 17. Red1 Ng4 18. Bg3 Ne5 19. b3 h5 20. h3 Rac8 21. R1d2 Ke8 22. Nd1 Rc7 23. Ne3 g6 24. Kf1 f6 25. f4 Nf7 26. h4 Rcd7 27. c4 Nh6 28. f5 g5 29. hxg5 fxg5 30. R4d3 Nf7 31. c5 dxc5 32. Rxd7 Rxd7 33. Rxd7 Kxd7 34. e5 Nh6 35. e6+ Ke8 36. Be5 Ng8 37. Nc4 Bf6 38. Bb8 Nh6 39. Nd6+ Ke7 40. Nxb7 Nxf5 41. Bxa7 Kxe6 42. Nxc5+ Kd5 43. Nd7 Bd4 44. Bxd4 Nxd4 45. a5 Kd6 46. a6 Kc7 47. b4 Nc2 48. Nf6 Nxb4 49. a7 Kb7 50. a8=Q+ Kxa8 51. Nxh5 Kb7 52. Nf6 Nd5 53. Ne4 g4 54. Kf2 Kb6 55. Kg3 Ne3 56. Kf4 Nxg2+ 1/2-1/2

[Event "IOM Open-Masters 2017"]
[Site "Douglas"]
[Date "2017.10.01"]
[Round "9"]
[White "Maloberti, David"]
[Black "Kiewra, Keaton F"]
[Result "1-0"]
[WhiteElo "2132"]
[BlackElo "2433"]
[Annotator "TA"]
[PlyCount "97"]
[EventDate "2017.??.??"]
[EventType "swiss"]
[EventCountry "GBR"]
[SourceTitle "playchess.com"]
[Source "ChessBase"]
[SourceQuality "1"]

1. d4 Nf6 2. c4 g6 3. Nc3 Bg7 4. e4 d6 5. Nf3 O-O 6. Be2 e5 7. O-O Nc6 8. d5 Ne7 9. Ne1 Nd7 10. f3 f5 11. Be3 f4 12. Bf2 g5 13. Nd3 Ng6 14. Rc1 Nf6 15. c5 Rf7 16. a4 h5 17. cxd6 cxd6 18. Nb5 a6 19. Na3 g4 20. Nc4 g3 21. hxg3 fxg3 22. Bxg3 Bh6 23. Rc2 b5 24. axb5 axb5 25. Ncxe5 dxe5 26. Nxe5 Be3+ 27. Kh1 h4 28. Nxf7 Kxf7 29. Bc7 Qg8 30. f4 Nxe4 31. f5 Ne7 32. Bh5+ Kf6 33. Qf3 Ng3+ 34. Bxg3 Qxg3 35. d6 Nxf5 36. Qxa8 Bf4 37. Rxf4 Qxf4 38. Qf3 Qxf3 39. Bxf3 Nxd6 40. Rc6 Ke5 41. b4 Be6 42. Kg1 Bc4 43. Kf2 Nf5 44. Rc5+ Kf4 45. Be2 Nd6 46. Bxc4 bxc4 47. Ke2 Ke4 48. Rh5 Kd4 49. Kd2 1-0